Children and exercise XI /

Bibliographic Details
Corporate Author: International Congress on Pediatric Work Physiology Papendal, Netherlands
Other Authors: Binkhorst, Rob A., Kemper, Han C. G., Saris, Wim H. M.
Format: Conference Proceeding Book
Language:English
Published: Champaign, Ill. : Human Kinetics Publishers, [1985]
Series:International series on sport sciences ; v. 15.
Subjects:

MARC

Tag First Indicator Second Indicator Subfields
LEADER 00000cam a2200000 a 4500
001 in00000409713
005 20151012050606.0
008 851025s1985 ilua b 10000 eng
010 |a  85220643  
020 |a 0873220196 
035 |a (OCoLC)12250422 
035 |9 ABT0373AM 
039 0 |a 2  |b 3  |c 3  |d 3  |e 3 
040 |a DLC  |c DLC  |d TXA  |d UtOrBLW 
049 |a TXAM  |c [A09212172] 
050 0 0 |a RC1218.C45  |b I58 1983 
082 0 |a 612/.044  |2 19 
111 2 |a International Congress on Pediatric Work Physiology  |n (11th :  |d 1983 :  |c Papendal, Netherlands) 
245 1 0 |a Children and exercise XI /  |c edited by Rob A. Binkhorst, Han C.G. Kemper, Wim H.M. Saris. 
264 1 |a Champaign, Ill. :  |b Human Kinetics Publishers,  |c [1985] 
264 4 |c ©1985 
300 |a xiii, 357 pages :  |b illustrations ;  |c 24 cm. 
336 |a text  |b txt  |2 rdacontent 
337 |a unmediated  |b n  |2 rdamedia 
338 |a volume  |b nc  |2 rdacarrier 
490 1 |a International series on sport sciences,  |x 0160-0559 ;  |v v. 15 
500 |a "Proceedings of the Eleventh International Congress on Pediatric Work Physiology, held in Papendal, the Netherlands, September 1983"--Half title page. 
504 |a Includes bibliographies. 
650 0 |a Pediatric sports medicine  |x Congresses. 
650 0 |a Exercise for children  |x Physiological aspects  |x Congresses. 
650 0 |a Children  |x Physiology  |x Congresses. 
700 1 |a Binkhorst, Rob A. 
700 1 |a Kemper, Han C. G. 
700 1 |a Saris, Wim H. M. 
830 0 |a International series on sport sciences ;  |v v. 15. 
999 |a MARS 
999 f f |s 228a9a3e-e6d8-3ceb-9ded-2e56481c272b  |i 2d9a6c6c-106d-3edd-b5e6-f8cea76a79d7  |t 0 
952 f f |p ric  |a Texas A&M University  |b Rellis Campus  |c Joint Library Facility  |d Remote Storage  |t 0  |e RC1218.C45 I58 1983  |h Library of Congress classification  |i unmediated -- volume  |m A14809212172 
998 f f |a RC1218.C45 I58 1983  |t 0  |l Remote Storage